Statistics for Culture Générale - Série 1727

Click here to take the quiz!

General Stats

  • This quiz has been taken 54 times
  • The average score is 5 of 10

Answer Stats

Question Réponse % Correct
Quel est le nom de l'arbre qui produit des coings?cognassier
71%
Dans la mythologie grecque, qui est la déesse de la chasse ?Artémis
65%
Dans la mythologie grecque, qui est le messager des dieux ?Hermès
63%
Qui a écrit « La chartreuse de Parme »?Stendhal
59%
Dans la mythologie grecque, qui est la déesse du mariage et la gardienne de la fécondité ?Hera
51%
Qui a écrit « La mare au diable »?George Sand
49%
Sous quel trait était représenté Raymond Barre dans le « Bébête show »?ours
47%
Qui a écrit « Jacques le Fataliste »?Denis Diderot
35%
Quel fruit produit le plaqueminier?kaki
27%
Qui jouait Marc dans « Marc et Sophie »?Gérard Rinaldi
27%

Score Distribution

Percentile by Number Answered

Percent of People with Each Score

Your Score History

You have not taken this quiz